000 00842nam a22002057a 4500
999 _c7446
_d7446
003 AR-CdUCM
008 190320b ||||| |||| 00| 0 spa d
040 _aMUNICIPALIDAD PROVINCIAL DEL CUSCO
_cBIBLIOTECA MUNICIPAL DEL CUSCO
082 _a610.73 /
_bN82
100 _aRohweder, Nordmark
_920998
245 _aPrincipios cíentificos aplicados a la Enfermería /
260 _aMéxico :
_bLa Prensa Médica Mexicana ,
_c1977.
300 _a295 páginas ;
_c20.2 cm.
505 _aContenido : Orientacion -- Utilidad potencial de los fundamentos cientificos para la educacion de la enfermeria -- Cuidado de enfermeria y principios fundamentales de ciencias Naturales -- Sumario...
650 _aFundamentos Cientificos
_920999
650 _aEnfermeria
_921000
650 _aCiencias Naturales
_910176
942 _2ddc
_cLIBROS
945 _artm